<?xml version="1.0" encoding="UTF-8"?>
<record
    xmlns:xsi="http://www.w3.org/2001/XMLSchema-instance"
    xsi:schemaLocation="http://www.loc.gov/MARC21/slim http://www.loc.gov/standards/marcxml/schema/MARC21slim.xsd"
    xmlns="http://www.loc.gov/MARC21/slim">

  <leader>00698nab a2200205 uc4500</leader>
  <controlfield tag="001">694916</controlfield>
  <controlfield tag="005">20240731091127.0</controlfield>
  <controlfield tag="008">010927e19930301                    eng  </controlfield>
  <datafield tag="035" ind1=" " ind2=" ">
    <subfield code="a">694916</subfield>
  </datafield>
  <datafield tag="035" ind1=" " ind2=" ">
    <subfield code="a">(OCoLC)819917598</subfield>
  </datafield>
  <datafield tag="040" ind1=" " ind2=" ">
    <subfield code="c">comduadb</subfield>
  </datafield>
  <datafield tag="041" ind1=" " ind2=" ">
    <subfield code="a">eng</subfield>
  </datafield>
  <datafield tag="100" ind1="1" ind2="0">
    <subfield code="a">Arnold, Leeanne M.</subfield>
    <subfield code="4">aut</subfield>
    <subfield code="e">aut</subfield>
    <subfield code="9">521707</subfield>
  </datafield>
  <datafield tag="245" ind1="1" ind2="0">
    <subfield code="a">Effect of isoenergetic intake of three or nine meals on plasma lipoproteins and glucose metabolism</subfield>
  </datafield>
  <datafield tag="650" ind1=" " ind2=" ">
    <subfield code="a">Lipoproteinas</subfield>
    <subfield code="9">49699</subfield>
  </datafield>
  <datafield tag="650" ind1=" " ind2=" ">
    <subfield code="a">Glucosa</subfield>
    <subfield code="9">26662</subfield>
  </datafield>
  <datafield tag="650" ind1=" " ind2="7">
    <subfield code="a">Metabolismo</subfield>
    <subfield code="2">dcs</subfield>
    <subfield code="9">42306</subfield>
  </datafield>
  <datafield tag="773" ind1="0" ind2=" ">
    <subfield code="t">The American Journal of Clinical Nutrition (Bethesda, MD)</subfield>
    <subfield code="g">Vol. 57, No. 03, Mar. 1993, p. 446-451</subfield>
    <subfield code="w">336670</subfield>
    <subfield code="x">0002-9165</subfield>
    <subfield code="0">111640</subfield>
  </datafield>
  <datafield tag="942" ind1=" " ind2=" ">
    <subfield code="c">ARIMP</subfield>
  </datafield>
  <datafield tag="999" ind1=" " ind2=" ">
    <subfield code="c">213562</subfield>
    <subfield code="d">213562</subfield>
  </datafield>
</record>
